Регионална библиотека "Любен Каравелов" - Русе

Селско додекамеронче (Запис номер 26180)

MARC детайли
000 -Лидер
Контролно поле с фиксирана дължина 01001nam a2200289 c 4500
003 - Код на организацията, давaща контролен номер
Контролно поле BLK
005 - Дата и час на последна редакция
Контролно поле 20180420220047.0
008 - Елементи от данни с фиксирана дължина
fixed length control field 180413b bul|||||r ||||||| ||bul||
010 ## - Наследен системен номер
LC control number KNG00028728000
020 ## - Международен стандартен номер на книга ISBN
Международен стандартен номер на книга ISBN 954-8124-10-6
-- издат.: Послание
040 ## - Източник на каталожния запис
Идентификатор на билиотеката - собственик на записа BLK
041 ## - Код за език
Код за езика на текст/звукозапис или на отделно заглавие Български
Код за езика КДБФ Български
080 ## - УДК
Текстов определител УДК Българска литература
УДК код - определител по УДК 821.163.2
УДК определител -32
УДК - код + определител 821.163.2-32
100 1# - Редна дума - Автор
Автор Писарски, Кирил Георгиев
Авторска отговорност първи автор
R(LIN) 265601
139 ## - Редно поле
Редна дума ПИСАРСКИ, Кирил Георгиев
Авторски знак
245 10 - Сведения за заглавието
Заглавие Селско додекамеронче
Подзаглавни данни [Повест]
Редно поле (дума) Кирил Георгиев Писарски.
257 ## - Страна на издаване
Страна на създаване/издаване България
260 ## - Област на издателските данни
-- София
Име на издателя, разпространителя и проч. Послание
Година на издаване 1999
300 ## - Физическа характеристика
Страници 222 с.
Размери/Мащаб 23 см
380 ## - Жанр
Жанр Худож. лит.
500 ## - Общи забележки
Забележка Деп. списък: депозит сп.31
852 ## - Местоположение
Форматна сигнатура Цб 201419
856 4# - Електронен адрес и достъп
Електронен формат pdf - файл
Път до файла /url/
856 4# - Електронен адрес и достъп
Електронен формат pdf - файл
Път до файла /url/
942 ## - АРТИКУЛИ
Вид на библиотечния материал Книги
Скрит в OPAC Не
944 ## - СЪЗДАВАНЕ И РЕДАКЦИЯ на ЗАПИСА
Създаване/Редакция Създаване
Дата на регистрацията/редакция 15.01.2003
Служител, извършил регистрацията/редакцията AB_DOS
944 ## - СЪЗДАВАНЕ И РЕДАКЦИЯ на ЗАПИСА
Създаване/Редакция Редакция
Дата на регистрацията/редакция 03.01.2017
Служител, извършил регистрацията/редакцията Виктор_Иванов
999 ## - СИСТЕМНИ КОНТРОЛНИ НОМЕРА
Koha biblionumber 26180
Koha biblioitemnumber 26180
Наличности
Код за отписване Код за изгубен артикул Източник на класификационната схема Код за повреда Коз за рестрикции Код за отдаване Артикулен № Име на библиотеката - собственик Име на библиотеката, в която се намира в момента Статус (Текущо местоположение) Дата на вписване в системата Местоположение - отдел Цена в лева Инвентарен номер Систематично азбучна сигнатура Баркод Номер на екземпляра Цена в евро Служебна бележка Служебен тип на артикула
  Не е изгубен Universal Decimal Classification Не е повреден без рестрикции ползва се в читалня 42630 Регионална библиотека "Любен Каравелов" Русе Регионална библиотека "Любен Каравелов" Русе Хранилище 2001-01-01 Хранилище 0.01 650028 Цб 201419 120000650028 1 0.01 Дата: 01.01.1999 Книги
Vip Innovations Ltd, Rousse, Bulgaria 2025